| 000 | 00000cam 2200000zi 4500 |
| 001 | 9.963062 |
| 003 | CaOODSP |
| 005 | 20260526080641 |
| 006 | m o d f |
| 007 | cr mn||||||||| |
| 008 | 260526m19271928oncd ob f000 0 eng d |
| 040 | |aCaOODSP|beng|erda|cCaOODSP |
| 043 | |an-cn-nk |
| 086 | 1 |aFs52-3/437E-PDF |
| 100 | 1 |aDavidson, Viola M., |eauthor. |
| 245 | 14|aThe causation of diatom maxima / |cby Viola M. Davidson. |
| 264 | 1|a[Ottawa] : |bFisheries Research Board of Canada, |c1927-1928. |
| 300 | |a1 online resource (24, 29 pages) : |bgraphs. |
| 336 | |atext|btxt|2rdacontent |
| 337 | |acomputer|bc|2rdamedia |
| 338 | |aonline resource|bcr|2rdacarrier |
| 490 | 1 |aManuscript reports of the biological stations ; |vno. 437 |
| 500 | |aDigitized edition from print [produced by Department of Fisheries and Oceans]. |
| 504 | |aIncludes bibliographical references. |
| 505 | 0 |a(a) Report for 1926 (April 1927) -- (b) Report for 1927 (March, 1928). |
| 520 | |a"The investigation of this subject began in July 1924, and upon which two period reports have been submitted, was continued during July and August, 1926 at the Biological Station. The same general method as previously reported was used and unless otherwise stated will be understood to apply to this report"--Page 1. |
| 650 | 0|aDiatoms|xResearch|zNew Brunswick|zSaint Andrews|xGrowth. |
| 650 | 0|aDiatoms|xMortality|xResearch|zNew Brunswick|zSaint Andrews. |
| 650 | 0|aPlankton|zNew Brunswick|zSaint Andrews|xMeasurement. |
| 650 | 6|aDiatomées|xRecherche|zNouveau-Brunswick|zSaint Andrews|xCroissance. |
| 650 | 6|aDiatomées|xMortalité|xRecherche|zNouveau-Brunswick|zSaint Andrews. |
| 650 | 6|aPlancton|zNouveau-Brunswick|zSaint Andrews|xMesure. |
| 710 | 2 |aFisheries Research Board of Canada, |eissuing body. |
| 830 | #0|aManuscript reports of the biological stations ;|vno. 437.|w(CaOODSP)9.899091 |
| 856 | 40|qPDF|s13.1 MB|uhttps://publications.gc.ca/collections/collection_2026/mpo-dfo/fs52-3/Fs52-3-437-eng.pdf |